LEADER 01273nam 2200349z- 450 001 9910689467003321 005 20161209100335.0 035 $a(CKB)5860000000024450 035 $a(BIP)008702700 035 $a(EXLCZ)995860000000024450 100 $a20220406c2000uuuu -u- - 101 0 $aeng 200 10$aH. Con. Res. 328 and H. Con. Res. 397 $emarkup before the Subcommittee on Asia and the Pacific of the Committee on International Relations, House of Representatives, One Hundred Sixth Congress, second session, September 13, 2000 215 $a1 online resource (iii, 29 p.) 311 $a0-16-064709-6 517 $aH. Con. Res. 328 and H. Con. Res. 397 606 $aHuman rights$zAsia, Central 606 $aHuman rights$zBurma 607 $aUnited States$xForeign relations$zAsia, Central 607 $aAsia, Central$xForeign relations$zUnited States 607 $aUnited States$xForeign relations$zBurma 607 $aBurma$xForeign relations$zUnited States 610 $aHuman rights 610 $aUnited States 610 $aAsia 610 $aPolitical science 615 0$aHuman rights 615 0$aHuman rights 906 $aBOOK 912 $a9910689467003321 996 $aH. Con. Res. 328 and H. Con. Res. 397$93207822 997 $aUNINA